| 000 | 00567nam a2200193 a 4500 | ||
|---|---|---|---|
| 005 | 20210219153657.0 | ||
| 008 | 010619s1995 es r 000 0 spa d | ||
| 020 | _a8420607118 | ||
| 035 | _aUPN01000108604 | ||
| 049 | _aCG | ||
| 050 | 4 |
_aB3997 _bA34 1995 |
|
| 245 | 0 | 0 |
_aBiografías de Spinoza / _ccomp., selec., y tr. Atilano Domínguez. |
| 260 |
_aMadrid : _bAlianza, _c1995. |
||
| 300 | _a297 p. | ||
| 440 | 3 |
_aEl libro de bolsillo. _pHumanidades ; _v1711 |
|
| 600 | 1 | 4 |
_aSPINOZA, BENEDICTUS, _d1632-1677 |
| 700 | 1 |
_aDomínguez, Atilano, _ecomp. |
|
| 905 | _aLibro | ||
| 999 |
_c82516 _d82516 |
||